Szórendi kérdések finnugor nyelvekben
Elmentve itt :
| Szerző: | |
|---|---|
| Testületi szerző: | |
| Dokumentumtípus: | Könyv része |
| Megjelent: |
2011
|
| Sorozat: | LingDok : nyelvész-doktoranduszok dolgozatai
LingDok 10. |
| Kulcsszavak: | Finnugor nyelvek, Nyelvészet |
| Tárgyszavak: | |
| Online Access: | http://acta.bibl.u-szeged.hu/62955 |
| LEADER | 00816naa a2200229 i 4500 | ||
|---|---|---|---|
| 001 | acta62955 | ||
| 005 | 20220110080846.0 | ||
| 008 | 191129s2011 hu o 0|| hun d | ||
| 022 | |a 2416-0601 | ||
| 040 | |a SZTE Egyetemi Kiadványok Repozitórium |b hun | ||
| 041 | |a hun | ||
| 100 | 1 | |a Gulyás Nikolett | |
| 245 | 1 | 0 | |a Szórendi kérdések finnugor nyelvekben |h [elektronikus dokumentum] / |c Gulyás Nikolett |
| 260 | |c 2011 | ||
| 300 | |a 29-59 | ||
| 490 | 0 | |a LingDok : nyelvész-doktoranduszok dolgozatai | |
| 490 | 0 | |a LingDok 10. | |
| 650 | 4 | |a Bölcsészettudományok | |
| 650 | 4 | |a Nyelvek és irodalom | |
| 695 | |a Finnugor nyelvek, Nyelvészet | ||
| 710 | |a Országos Nyelvészeti Doktorandusz Konferencia (13.) (2009) (Szeged) | ||
| 856 | 4 | 0 | |u http://acta.bibl.u-szeged.hu/62955/1/lingdok_010_029-059.pdf |z Dokumentum-elérés |